00393pab a2200145 454500008004000000100002500040245004900065260000900114300001300123362001100136650002500147650001700172700002400189773003400213180718b2012 xxu||||| |||| 00| 0 eng d aMukhopadhyay, Partha aSubaltern urbanization in IndiabDenis, Eric c2012 ap.52-62. a28 Jul aUrbanization - India aUrbanization aZerah, Marie-Helene aEconomic and Political Weekly